| 000 | 00732nam a22002177a 4500 | ||
|---|---|---|---|
| 999 |
_c12670 _d12670 |
||
| 003 | AR-CdUCM | ||
| 008 | 190409b ||||| |||| 00| 0 spa d | ||
| 040 |
_aMUNICIPALIDAD PROVINCIAL DEL CUSCO _cBIBLIOTECA MUNICIPAL DEL CUSCO |
||
| 082 |
_a657 / _bR84 |
||
| 100 |
_aRosa, W. _930639 |
||
| 245 | _aContabilidad y taquigrafía / | ||
| 300 |
_a172, 36 páginas ; _c20 cm. |
||
| 500 | _aAl texto falta la tapa y la contra tapa. | ||
| 505 | _aContenido : Diario -- Mayor -- .Libro de facturas enviadas -- Taquigrafía ... | ||
| 650 |
_aContabilidad _910543 |
||
| 650 |
_aTaquigrafía _930640 |
||
| 650 |
_aCuentas _930641 |
||
| 700 |
_aSanchez, José Leandro (Prologo) _930642 |
||
| 942 |
_2ddc _cLIBROS |
||
| 945 |
_arah _d09/04/2019 |
||